000
00228nam a2200097Ia 4500
001
918449
005
20250826185932.0
008
250824s9999 xx 000 0 und d
245
0
_a
ÖLÜ CANLAR
_c
GOGOL
260
_b
ANONİM YAYINLARI
999
_c
918449
_d
918449